000 00272nam a22001097a 4500
008 160621b xxu||||| |||| 00| 0 eng d
100 _9212
_aKipling, R
245 _aThe Jungle Book
260 _aHydrabad
_b Orient Longman
_c2006
300 _aThe Jungle Book
942 _2ddc
_cBK
999 _c171
_d171